Statistics for Trump-less States

Click here to take the quiz!

General Stats

  • This quiz has been taken 25 times
    (23 since last reset)
  • The average score is 5 of 10

Answer Stats

Answer% Correct
Iowa
87%
Hawaii
70%
Idaho
70%
Alaska
61%
Ohio
61%
Kansas
48%
Illinois
39%
Nevada
39%
Indiana
35%
Wisconsin
26%

Score Distribution

Percentile by Number Answered

Percent of People with Each Score

Your Score History

You have not taken this quiz since the last reset